000 00537ntaaa2200193 4500
003 01
005 20251027200923.0
008 0714s1973 ag 01
040 _aAR-BaBN
_bspa
_cAR-BaBN
_eaacr
_dRIC
082 _a236 R56
100 _aRobinson, W. M. Childs
_95916
245 _aChrist, the hope of glory /
_cW. M. Childs Robinson
250 _a1 ed.
260 _aGrand Rapids :
_bWM. B. Eerdmans Publishing Co.,
_cc/1945, 1947
300 _a324 p.
500 _aescatologia cristologica
650 _aescatología
_91720
942 _cBK
999 _c3195
_d3195